[Event "Hampstead U2200 July 2013"]
[Site "Hampstead, UK"]
[Date "2013.07.20"]
[Round "1"]
[White "Wadsworth, Matthew"]
[Black "Brozel, Sacha"]
[Result "1-0"]
[WhiteElo "2136"]
[BlackElo "1706"]
[EventRounds "5"]

1. e4 c5 2. Nc3 Nc6 3. Bb5 e6 4. Bxc6 bxc6 5. d3 Be7 6. f4 Nf6 7. Nf3 O-O 8.
O-O Bb7 9. e5 Nd5 10. Ne4 Qc7 11. c4 Nb6 12. Be3 d5 13. exd6 Bxd6 14. Nxc5
Bxc5 15. Bxc5 Rfd8 16. Qe2 Nd7 17. Be3 c5 18. Rad1 e5 19. fxe5 Nxe5 20. Nxe5
Qxe5 21. Qf2 Rd7 22. Bxc5 Rc8 23. d4 Qe4 24. Rde1 Qg6 25. b3 Be4 26. Qg3 Qc6
27. Bb4 Rcd8 28. Bc3 Rd6 29. d5 Qb6+ 30. Qf2 Rg6 31. Rxe4 Qc7 32. Rfe1 Qd7 33.
Re7 Rf6 34. Rxd7 {#r} 1-0

[Event "Hampstead U2200 July 2013"]
[Site "Hampstead, UK"]
[Date "2013.07.20"]
[Round "1"]
[White "Miu, Marinel"]
[Black "Madynski, Pawel"]
[Result "0-1"]
[WhiteElo "1700"]
[BlackElo "2092"]
[EventRounds "5"]

1. d4 c5 2. e3 cxd4 3. exd4 d5 4. Bd3 Nc6 5. c3 Nf6 6. f4 Bg4 7. Qa4 Rc8 8. h3
Bd7 9. Qd1 Ne4 10. Bxe4 dxe4 11. d5 Nb8 12. Be3 b6 13. a4 e6 14. dxe6 Bxe6 15.
Qxd8+ Rxd8 16. Nd2 Nc6 17. Ne2 Rd3 18. Bd4 f5 19. Rd1 Kf7 20. O-O Be7 21. Nc1
Nxd4 22. Nxd3 Ne2+ 23. Kh2 exd3 24. g3 Rd8 25. Rf3 Bc5 26. Nb1 Bg1+ 27. Kg2
Bd5 28. Rdxd3 Bxf3+ 29. Rxf3 Bc5 30. b4 Be7 31. Kf2 Rd1 32. Na3 Ra1 33. Nc4
Ra2 34. Kf1 Bf6 35. Ne5+ Bxe5 36. fxe5 Ke6 37. g4 g6 38. gxf5+ gxf5 39. Rd3
Rc2 40. Rd6+ Kxe5 41. Rd7 Kf4 42. Rxh7 Kf3 43. Ke1 Nxc3 44. a5 Re2+ 45. Kf1
Rd2 46. Re7 Rd1+ 47. Re1 Rxe1+ 48. Kxe1 bxa5 49. bxa5 Nb5 50. a6 Kg2 {#R} 0-1

[Event "Hampstead U2200 July 2013"]
[Site "Hampstead, UK"]
[Date "2013.07.20"]
[Round "1"]
[White "Peat, Matthew"]
[Black "Sloan, Cecil"]
[Result "1-0"]
[WhiteElo "2091"]
[BlackElo "1700"]
[EventRounds "5"]

1. d4 Nf6 2. c4 e6 3. Nc3 Bb4 4. e3 b6 5. Nge2 Bb7 6. a3 Bxc3+ 7. Nxc3 O-O 8.
d5 e5 9. Bd3 d6 10. O-O Nbd7 11. b4 a5 12. Bd2 axb4 13. axb4 Ne8 14. Qc2 Ndf6
15. e4 Nd7 16. Ne2 Nef6 17. Ng3 g6 18. Bc3 Qe7 19. Qb2 Rfe8 20. Rxa8 Rxa8 21.
Ne2 Nh5 22. g3 Ng7 23. Kh1 f6 24. f4 c5 25. b5 Qd8 26. Ng1 Ra7 27. Bc2 Bc8 28.
Bd1 Nf8 29. fxe5 fxe5 30. Qf2 Qe8 31. Nf3 Bh3 32. Rg1 Qa8 33. Ng5 Qc8 34. g4
Qa8 35. Nxh3 Rf7 36. Qb2 Rc7 37. Bb3 Rf7 38. Kg2 Qc8 39. Qe2 Qd8 40. Bd2 Nd7
41. Rf1 Nf6 42. Bg5 Nge8 43. Qf3 Qd7 44. Bd1 Qa7 45. Bxf6 Rxf6 46. Qe2 Rxf1
47. Qxf1 Qa2+ 48. Be2 Qc2 49. Ng5 Nf6 50. Qxf6 Qxe2+ 51. Kg3 Qe1+ 52. Qf2
Qxf2+ 53. Kxf2 h6 54. Ne6 Kf7 55. Nc7 Ke7 56. Na8 Kd7 57. Nxb6+ Kc7 58. Na4
{#r} 1-0

[Event "Hampstead U2200 July 2013"]
[Site "Hampstead, UK"]
[Date "2013.07.20"]
[Round "1"]
[White "Hung, Jake"]
[Black "Ismailov, Roman"]
[Result "0-1"]
[WhiteElo "1657"]
[BlackElo "2073"]
[EventRounds "5"]

1. c4 Nf6 2. Nc3 c5 3. g3 d6 4. Bg2 e6 5. d3 Be7 6. Nf3 O-O 7. O-O a6 8. a3
Nc6 9. e3 Qc7 10. Rb1 d5 11. cxd5 exd5 12. d4 Bf5 13. Ra1 c4 14. b3 b5 15. Nd2
Rfd8 16. Bb2 Bd3 17. Re1 Rab8 18. Ne2 h6 19. Nb1 a5 20. Nf4 Be4 21. f3 Bf5 22.
e4 dxe4 23. fxe4 Bg4 24. Ne2 Nxd4 25. Bxd4 Rxd4 26. Qc2 Rd3 27. Kh1 Rxb3 28.
Nd2 Rxa3 29. Rxa3 Bxa3 30. Nd4 Bc5 31. Qc3 Qb6 32. Nc2 Be6 33. Qb2 b4 34. Nb1
Ng4 {#R} 0-1

[Event "Hampstead U2200 July 2013"]
[Site "Hampstead, UK"]
[Date "2013.07.20"]
[Round "1"]
[White "Buyandalai, Tumen"]
[Black "Klingher, Dominic"]
[Result "1-0"]
[WhiteElo "2066"]
[BlackElo "1642"]
[EventRounds "5"]

1. e4 e6 2. d3 b6 3. f4 Bc5 4. Nf3 Bb7 5. d4 Be7 6. Bd3 f5 7. exf5 exf5 8.
Bxf5 Nf6 9. O-O O-O 10. Bd3 Na6 11. c3 c5 12. Re1 cxd4 13. Qe2 Nc5 14. cxd4
Nxd3 15. Qxd3 Rc8 16. Nc3 Ng4 17. Ne5 Nxe5 18. fxe5 Bh4 19. g3 Rc6 20. Re4 Rg6
21. Rf4 Rxf4 22. Bxf4 Qf8 23. Rf1 Qc8 24. Qf5 Qc6 25. d5 Qc5+ 26. Rf2 Qe7 27.
Kf1 Bg5 28. d6 Ba6+ 29. Kg1 Qe8 30. Bxg5 h6 31. Be7 Kh7 32. h4 Kg8 33. Kh2 Bc4
34. h5 Re6 35. Qg4 Kh7 36. Qe4+ g6 37. Rf8 {#r} 1-0

[Event "Hampstead U2200 July 2013"]
[Site "Hampstead, UK"]
[Date "2013.07.20"]
[Round "1"]
[White "Wen, Jackson"]
[Black "Farzaliyev, Kanan"]
[Result "1-0"]
[WhiteElo "1642"]
[BlackElo "2050"]
[EventRounds "5"]

1. e4 c5 2. Nc3 g6 3. f4 Bg7 4. Nf3 Nc6 5. Bc4 e6 6. d3 d6 7. O-O Nge7 8. Bb5
a6 9. Bxc6+ Nxc6 10. Qe1 O-O 11. Qg3 b5 12. Qh3 d5 13. Ng5 h6 14. Nf3 Bb7 15.
f5 dxe4 16. dxe4 exf5 17. Bxh6 fxe4 18. Ng5 Bxh6 19. Qxh6 Qd4+ 20. Kh1 Qg7 21.
Qh4 Nd4 22. Ncxe4 Bxe4 23. Nxe4 f5 24. Ng5 Rae8 25. c3 Ne6 26. Nxe6 Rxe6 27.
Rfe1 Ref6 28. Re5 g5 29. Qg3 g4 30. Rae1 f4 31. Qd3 Rg6 32. Re7 Rf7 33. Qd8+
Kh7 34. Rxf7 Qxf7 35. Re7 Rg7 36. Rxf7 Rxf7 37. Qh4+ Kg7 38. Qxg4+ Kh7 39.
Qh5+ Kg7 40. Qxc5 Rd7 41. Qg5+ Kh8 42. Qh5+ {#r} 1-0

[Event "Hampstead U2200 July 2013"]
[Site "Hampstead, UK"]
[Date "2013.07.20"]
[Round "1"]
[White "Balakrishnan, Naveen K"]
[Black "Puiu, Claudiu"]
[Result "1-0"]
[WhiteElo "2026"]
[BlackElo "1930"]
[EventRounds "5"]

1. d4 d5 2. c4 e6 3. Nc3 Nf6 4. cxd5 exd5 5. Bg5 Be7 6. e3 c6 7. Bd3 h6 8. Bh4
Qa5 9. Nge2 Bg4 10. f3 Be6 11. O-O b5 12. a3 Nbd7 13. Bf2 Qc7 14. Kh1 Bd6 15.
Bg1 Nb6 16. e4 Nfd7 17. e5 Be7 18. f4 f5 19. Qc2 O-O 20. Nxb5 Qb7 21. Nbc3 c5
22. dxc5 Bxc5 23. Nd4 Bxd4 24. Bxd4 Rac8 25. Qe2 Nc4 26. b4 a5 27. Rfb1 Qc6
28. b5 Qb7 29. Qf2 Ndb6 30. Rc1 Rf7 31. Ne2 Rfc7 32. Bxb6 Qxb6 33. Qxb6 Nxb6
34. Rxc7 Rxc7 35. Nd4 Kf7 36. Bxf5 Bxf5 37. Nxf5 g6 38. Nd4 Rc4 39. Rd1 Rc3
40. e6+ Ke8 41. g4 Rxa3 42. f5 gxf5 43. gxf5 Nc8 44. f6 Re3 45. Rg1 Kf8 46.
Rc1 Nd6 47. Rc6 Ne8 48. Rc8 {#r} 1-0

[Event "Hampstead U2200 July 2013"]
[Site "Hampstead, UK"]
[Date "2013.07.20"]
[Round "1"]
[White "Zhu, Richard"]
[Black "Millward, David J"]
[Result "1-0"]
[WhiteElo "1622"]
[BlackElo "1998"]
[EventRounds "5"]

1. d4 Nf6 2. c4 e6 3. g3 d5 4. Bg2 c6 5. Nf3 Be7 6. O-O O-O 7. Nbd2 Nbd7 8.
Qc2 Qc7 9. e4 dxe4 10. Nxe4 Nxe4 11. Qxe4 Nf6 12. Qc2 Rd8 13. Bf4 Bd6 14. Bxd6
Qxd6 15. Rad1 Bd7 16. c5 Qc7 17. Ne5 Nd5 18. Rfe1 Re8 19. f4 Rad8 20. a3 g6
21. Qd2 Kg7 22. Ng4 h5 23. Ne5 Re7 24. Be4 Be8 25. Re2 b6 26. b4 b5 27. Rf1 f6
28. Nf3 Bf7 29. Nh4 Red7 30. Nf3 Ne7 31. Qc3 Nd5 32. Bxd5 Rxd5 33. Rfe1 Qd7
34. h3 Rf5 35. Re4 Rh8 36. g4 hxg4 37. hxg4 Rd5 38. g5 fxg5 39. Nxg5 e5 40.
fxe5 Qf5 41. Qg3 Rh5 42. Nxf7 Qxf7 43. Rf4 Qe7 44. Ref1 Kh6 45. Rg4 Qe6 46.
Rf6 Qxg4 47. Qxg4 Rg5 48. Qxg5+ Kxg5 49. Rd6 Kf5 50. Rxd5 cxd5 51. Kf2 {#r}
1-0

[Event "Hampstead U2200 July 2013"]
[Site "Hampstead, UK"]
[Date "2013.07.20"]
[Round "1"]
[White "Nixon, Rodney J"]
[Black "Sutton, Daniel"]
[Result "1-0"]
[WhiteElo "1971"]
[BlackElo "1616"]
[EventRounds "5"]

1. e4 e5 2. Nf3 Nc6 3. Bb5 a6 4. Ba4 Nf6 5. O-O b5 6. Bb3 Bc5 7. c3 d6 8. d3
O-O 9. Bg5 h6 10. Bh4 Bb6 11. h3 Na5 12. Bc2 c5 13. d4 Qe7 14. d5 Nb7 15. b3
Bd8 16. Nh2 Qc7 17. Bg3 Re8 18. c4 Na5 19. Nd2 bxc4 20. bxc4 Rb8 21. f4 exf4
22. Bxf4 Nd7 23. Ng4 Ne5 24. Bxe5 dxe5 25. Ba4 Bd7 26. Bxd7 Qxd7 27. Ne3 Bg5
28. Nf5 Bxd2 29. Qg4 {#r} 1-0

[Event "Hampstead U2200 July 2013"]
[Site "Hampstead, UK"]
[Date "2013.07.20"]
[Round "1"]
[White "Verma, Aditya"]
[Black "Oyama, Akito"]
[Result "0-1"]
[WhiteElo "1616"]
[BlackElo "1966"]
[EventRounds "5"]

1. e4 c5 2. Nc3 Nc6 3. Bb5 Nd4 4. Bc4 Nf6 5. Nge2 e6 6. O-O a6 7. d3 b5 8. Bb3
Nxb3 9. axb3 Bb7 10. f4 d5 11. e5 d4 12. f5 dxc3 13. exf6 Qd5 14. Nf4 Qd4+ 15.
Kh1 e5 16. Ne6 fxe6 17. Qh5+ Kd8 18. fxg7 Bxg7 19. Qg5+ Kc7 20. Qxg7+ Kb6 21.
bxc3 Qxc3 22. Bg5 h6 23. Qf6 hxg5 24. Qxe6+ Bc6 25. f6 Qxc2 26. Rg1 Qf2 27.
Qxe5 Qf4 28. Qc3 Rxh2# 0-1

[Event "Hampstead U2200 July 2013"]
[Site "Hampstead, UK"]
[Date "2013.07.20"]
[Round "1"]
[White "Hayward, Alan"]
[Black "Larios, Rafael"]
[Result "1-0"]
[WhiteElo "1954"]
[BlackElo "1610"]
[EventRounds "5"]

1. d4 Nf6 2. Nc3 g6 3. e4 d6 4. f3 Bg7 5. Be3 Nbd7 6. Qd2 c6 7. Nh3 Nb6 8. Nf2
Be6 9. b3 d5 10. e5 Ng8 11. Bd3 f6 12. f4 f5 13. O-O Nh6 14. Rac1 Qd7 15. Ne2
O-O 16. Kh1 Ng4 17. Nxg4 fxg4 18. Ng3 Qe8 19. f5 gxf5 20. Nxf5 Bxf5 21. Bxf5
Qh5 22. Be6+ Kh8 23. Qe2 Bh6 24. Bxh6 Qxh6 25. Qxg4 Rad8 26. Rcd1 Na8 27. Bf7
Nc7 28. Rf3 e6 29. Rh3 Qg7 30. Bxe6 Nxe6 31. Qxe6 Rf2 32. Rg3 Rdf8 33. Kg1 Qf7
34. Qxf7 R8xf7 35. e6 R7f6 36. Re1 {#r} 1-0

[Event "Hampstead U2200 July 2013"]
[Site "Hampstead, UK"]
[Date "2013.07.20"]
[Round "1"]
[White "Ivanov, Elizabeth"]
[Black "Sagues, Vincent"]
[Result "0-1"]
[WhiteElo "1602"]
[BlackElo "1939"]
[EventRounds "5"]

1. e4 e6 2. d4 d5 3. e5 c5 4. c3 Qb6 5. Nf3 Nc6 6. Bd3 Bd7 7. Bc2 cxd4 8. cxd4
Nh6 9. O-O Nb4 10. Bxh6 gxh6 11. Bb3 Bb5 12. Re1 Nd3 13. Re2 Rg8 14. a4 Ba6
15. a5 Qb4 16. Ba4+ Kd8 17. Rd2 Nxb2 18. Qc2 Rc8 19. Nc3 Qxc3 20. Qxb2 Qxf3
21. g3 Qc3 22. Qxc3 Rxc3 23. Bc2 Bb4 24. Ra4 Rc4 25. Rd1 Bxa5 26. Rxc4 Bxc4
27. Bxh7 Rg7 28. Bc2 Bb6 29. f4 Ke7 30. Kg2 Rg8 31. h3 Rc8 32. Ba4 Ba6 33. Kf3
Rc3+ 34. Kg4 Kf8 35. Kh4 Rc4 36. Bb3 Rxd4 37. Rxd4 Bxd4 38. g4 Bc4 39. Bc2 b5
40. g5 Kg7 41. gxh6+ Kxh6 42. Kg3 b4 43. Kg4 b3 44. Bb1 a5 45. f5 Bxe5 46.
fxe6 fxe6 47. h4 a4 48. h5 a3 49. Kf3 a2 50. Bxa2 bxa2 51. Ke3 a1=Q 52. Kf2
Qb2+ 53. Kf3 Qe2# 0-1

[Event "Hampstead U2200 July 2013"]
[Site "Hampstead, UK"]
[Date "2013.07.20"]
[Round "1"]
[White "Joslin, Tim"]
[Black "Macdonald, John"]
[Result "1-0"]
[WhiteElo "1922"]
[BlackElo "1602"]
[EventRounds "5"]

1. e4 c5 2. c3 d6 3. d4 cxd4 4. cxd4 Nc6 5. Nf3 g6 6. Nc3 Bg7 7. Bb5 Bd7 8.
O-O e6 9. d5 Ne5 10. dxe6 Bxb5 11. exf7+ Nxf7 12. Nxb5 Ne7 13. Ng5 Nxg5 14.
Nxd6+ Kf8 15. Bxg5 Be5 16. Qf3+ {#r} 1-0

[Event "Hampstead U2200 July 2013"]
[Site "Hampstead, UK"]
[Date "2013.07.20"]
[Round "1"]
[White "Nayak, Raghav"]
[Black "Landau, Jonathan"]
[Result "1/2-1/2"]
[WhiteElo "1602"]
[BlackElo "1922"]
[EventRounds "5"]

1. e4 e5 2. Nf3 Nc6 3. Bb5 f5 4. d3 fxe4 5. dxe4 Nf6 6. Nc3 Bc5 7. O-O d6 8.
a4 O-O 9. h3 Nd4 10. Bc4+ Kh8 11. Be3 c6 12. Nxd4 exd4 13. Bxd4 Qb6 14. Bxc5
Qxc5 15. Bb3 Nh5 16. Ne2 Qg5 17. Qc1 Qg6 18. Qe3 d5 19. exd5 Bd7 20. Qd3 Bf5
21. Qc3 Be4 22. f3 Bxd5 23. Bxd5 cxd5 24. Qd3 Qxd3 25. cxd3 {#d} 1/2-1/2

[Event "Hampstead U2200 July 2013"]
[Site "Hampstead, UK"]
[Date "2013.07.20"]
[Round "1"]
[White "Botteley, Michael T"]
[Black "Ali, Zarrar"]
[Result "1-0"]
[WhiteElo "1910"]
[BlackElo "1600"]
[EventRounds "5"]

1. d4 Nf6 2. Nf3 e6 3. e3 d5 4. Bd3 Be7 5. O-O O-O 6. b3 c5 7. Bb2 Nc6 8. Nbd2
Qc7 9. a3 cxd4 10. exd4 Qf4 11. g3 Qg4 12. Re1 Nh5 13. Kg2 Nf4+ 14. Kh1 Nxd3
15. cxd3 Bf6 16. Ne5 Qf5 17. Qf3 Qg5 18. Re2 Bxe5 19. dxe5 d4 20. Nc4 f5 21.
b4 f4 22. b5 Ne7 23. Nd6 Nd5 24. Bxd4 fxg3 25. Qxg3 Qf4 26. Qxf4 Rxf4 27. Be3
Nxe3 28. fxe3 Rg4 29. Rc1 Bd7 30. Rg2 Rxg2 31. Kxg2 Kf8 32. Rc7 Ke7 33. Rxb7
Kd8 34. Kg3 a5 35. Nc4 Kc8 36. Rxd7 {#r} 1-0

[Event "Hampstead U2200 July 2013"]
[Site "Hampstead, UK"]
[Date "2013.07.20"]
[Round "1"]
[White "Oyama, Harunobu"]
[Black "Allison, Conrad"]
[Result "1/2-1/2"]
[WhiteElo "1598"]
[BlackElo "1885"]
[EventRounds "5"]

1. e4 e5 2. Nf3 Nc6 3. Nc3 Nf6 4. d4 exd4 5. Nxd4 Bb4 6. Nxc6 bxc6 7. Bd3 d5
8. exd5 cxd5 9. O-O O-O 10. Bg5 c6 11. Qf3 Be7 12. Rae1 Re8 13. Bxf6 Bxf6 14.
Qh5 g6 15. Rxe8+ Qxe8 16. Qf3 Bg7 17. Na4 Rb8 18. b3 Qe7 19. Qg3 Rb4 20. c3
Rb7 21. Ba6 Rc7 22. Nc5 Bxa6 23. Nxa6 Rc8 24. Qd3 Re8 25. Rd1 Qe2 26. Nb4 Qxd3
27. Nxd3 Bxc3 28. Kf1 Kf8 29. Rc1 d4 30. Nc5 Rc8 31. Ke2 Re8+ 32. Kd3 Re1 33.
Rxe1 Bxe1 34. f3 Bf2 35. Kc4 Ke7 36. Ne4 Bg1 37. h3 f5 38. Ng3 Bf2 39. Ne2 c5
40. Nc1 Bg3 41. Kxc5 Be5 42. Kc6 a5 43. Nd3 Ke6 44. Nc5+ Ke7 45. Kd5 Bf6 46.
Kc4 Bg7 47. Kb5 Kd6 48. Nd3 g5 49. Kxa5 Kd5 50. Kb5 g4 51. hxg4 fxg4 52. Nb4+
Ke5 53. fxg4 Ke4 54. Kc4 Bf8 55. Nd3 Bd6 56. b4 Bc7 57. a4 Ke3 58. a5 Bd8 59.
a6 Bb6 60. b5 Ba7 61. Nb4 Ke4 62. Nd3 Ke3 63. Nb4 Ke4 64. Nd5 d3 65. Nc3+ Ke3
66. Kb4 d2 67. Ka5 Bd4 68. Nd1+ Ke2 69. b6 Kxd1 70. a7 Bxb6+ 71. Kxb6 Ke1 72.
a8=Q d1=Q 73. Qe4+ Kf2 74. Qxh7 Qxg4 75. Qc2+ Kg1 {#d} 1/2-1/2

[Event "Hampstead U2200 July 2013"]
[Site "Hampstead, UK"]
[Date "2013.07.20"]
[Round "1"]
[White "Reddiar, Gautham"]
[Black "Karia, Kamlesh"]
[Result "1-0"]
[WhiteElo "1882"]
[BlackElo "1570"]
[EventRounds "5"]

1. e4 e5 2. Nf3 Nc6 3. Bc4 Nf6 4. d3 Bc5 5. c3 O-O 6. Nbd2 a6 7. Bb3 b5 8. Nf1
Bb7 9. Be3 Bxe3 10. Nxe3 Ne7 11. Nxe5 d5 12. exd5 Nfxd5 13. Nf3 Nf4 14. d4 Re8
15. Ne5 Bd5 16. Bxd5 Nexd5 17. O-O Qg5 18. Qg4 Qxg4 19. N5xg4 Nxe3 20. Nxe3
Rad8 21. g3 Nd5 22. Nxd5 Rxd5 23. Rfe1 Kf8 24. Rxe8+ Kxe8 25. Re1+ Kd7 26. Re5
Rxe5 27. dxe5 Ke6 28. f4 g5 29. Kf2 f6 30. exf6 gxf4 31. gxf4 Kxf6 32. b4 Kf5
33. Kf3 c6 34. a3 h6 35. h3 h5 36. h4 Kf6 37. Ke4 Ke6 38. f5+ Kf6 39. Kf4 Kf7
40. Kg5 Kg7 41. Kxh5 Kf6 42. Kg4 {#r} 1-0

[Event "Hampstead U2200 July 2013"]
[Site "Hampstead, UK"]
[Date "2013.07.20"]
[Round "1"]
[White "Balouka Myers, Reuben"]
[Black "Porter, Sam J"]
[Result "0-1"]
[WhiteElo "1564"]
[BlackElo "1870"]
[EventRounds "5"]

1. e4 c5 2. Nc3 d6 3. f4 Nc6 4. Nf3 g6 5. Bc4 Bg7 6. O-O e6 7. d3 Nge7 8. Qe1
O-O 9. Qh4 d5 10. Bb3 Nd4 11. Nxd4 cxd4 12. Ne2 dxe4 13. dxe4 Nc6 14. Qf2 Qb6
15. Rd1 e5 16. fxe5 Bg4 17. Bf4 Nxe5 18. Bxe5 Bxe5 19. Rf1 Bxe2 20. Qxe2 d3+
21. Qf2 Bd4 22. Bxf7+ Rxf7 23. Qxd4 Qxd4+ 24. Kh1 Raf8 25. Rfd1 dxc2 26. Rg1
Qd1 27. h3 Rf1 28. Rxd1 cxd1=Q 29. Rxf1 Rxf1+ 30. Kh2 Qe1 31. g4 Qf2# 0-1

[Event "Hampstead U2200 July 2013"]
[Site "Hampstead, UK"]
[Date "2013.07.20"]
[Round "1"]
[White "Lim, Mark"]
[Black "Winter, Malcolm J"]
[Result "1/2-1/2"]
[WhiteElo "1843"]
[BlackElo "1553"]
[EventRounds "5"]

1. e4 c6 2. d3 d5 3. Nd2 dxe4 4. dxe4 Nf6 5. Be2 g6 6. Ngf3 Bg4 7. O-O Bg7 8.
c3 O-O 9. h3 Bxf3 10. Bxf3 Qc7 11. Rb1 Rd8 12. Qc2 Nbd7 13. b3 Nc5 14. Ba3 Bh6
15. Rbd1 Bxd2 16. Bxc5 Bh6 17. a4 Bg7 18. Rxd8+ Rxd8 19. Rd1 b6 20. Be3 Rxd1+
21. Qxd1 e5 22. b4 Bf8 23. Qd2 a6 24. Bg5 Be7 25. h4 Kg7 26. g3 Ng8 27. Be3 b5
28. Bd1 Nf6 29. f3 Ne8 30. Bb3 Qd6 31. Qxd6 Bxd6 32. Kf2 h5 33. Bd2 Nc7 34.
Ke3 c5 35. Bc2 c4 36. Ke2 f6 37. Be3 Kf7 38. g4 hxg4 39. fxg4 Ne6 40. axb5
axb5 41. Kf3 Be7 42. Bd1 Nf8 43. Kg3 Kg7 44. Bf3 Nd7 45. Bg2 Bd8 46. Bh3 Bb6
47. Bxb6 Nxb6 48. g5 fxg5 {#d} 1/2-1/2

[Event "Hampstead U2200 July 2013"]
[Site "Hampstead, UK"]
[Date "2013.07.20"]
[Round "1"]
[White "Balouka Myers, Gabriel"]
[Black "Pein, Jonathan"]
[Result "0-1"]
[WhiteElo "1548"]
[BlackElo "1834"]
[EventRounds "5"]

1. d4 Nf6 2. c4 g6 3. Nc3 Bg7 4. e4 d6 5. Be3 O-O 6. f3 e5 7. d5 c6 8. Qd2
cxd5 9. cxd5 a6 10. a4 Nh5 11. g4 Nf4 12. h4 Nd7 13. Nge2 Nxe2 14. Bxe2 Nc5
15. Ra3 Qa5 16. O-O f5 17. Kg2 Qb4 18. Bxc5 Qxc5 19. gxf5 gxf5 20. Qg5 Kh8 21.
h5 Bf6 22. Qh6 Rg8+ 23. Kh2 Bg5 {#R} 0-1

[Event "Hampstead U2200 July 2013"]
[Site "Hampstead, UK"]
[Date "2013.07.20"]
[Round "1"]
[White "Pride, Stephen"]
[Black "Gribben, Chris"]
[Result "1-0"]
[WhiteElo "1819"]
[BlackElo "1506"]
[EventRounds "5"]

1. e4 e6 2. b3 d5 3. Bb2 Nf6 4. e5 Nfd7 5. f4 c5 6. Qg4 Nc6 7. Nf3 g6 8. Nc3
Bg7 9. Nb5 f5 10. Nd6+ Kf8 11. Qg3 d4 12. a3 Ndxe5 13. fxe5 Kg8 14. Nxc8 Rxc8
15. Bc4 Qe7 16. O-O a6 17. a4 Rc7 18. c3 Na5 19. cxd4 Nxc4 20. bxc4 cxd4 21.
d3 Rd7 22. Ba3 Qe8 23. Bd6 Bh6 24. Nxd4 Bg7 25. Nf3 Qc8 26. Rab1 Qe8 27. Rb3
h6 28. Rfb1 Qf7 29. Qf2 g5 30. Qa7 b5 31. Qxa6 bxc4 32. Rb8+ Kh7 33. Rxh8+
Kxh8 34. dxc4 {#r} 1-0

[Event "Hampstead U2200 July 2013"]
[Site "Hampstead, UK"]
[Date "2013.07.20"]
[Round "1"]
[White "Hung, Dylan"]
[Black "Sharkey, Brian"]
[Result "0-1"]
[WhiteElo "1490"]
[BlackElo "1810"]
[EventRounds "5"]

1. c4 Nf6 2. Nc3 g6 3. g3 Bg7 4. Bg2 O-O 5. e3 c5 6. Nf3 Nc6 7. O-O d6 8. d3
Rb8 9. Nd2 Bg4 10. f3 Be6 11. Nde4 h6 12. Nf2 a6 13. f4 Qd7 14. Qf3 Ng4 15.
Nce4 Rfc8 16. h3 Nxf2 17. Nxf2 b5 18. cxb5 Rxb5 19. a4 Rb4 20. Rb1 Rxa4 21.
Bd2 Nb4 22. Bxb4 Rxb4 23. d4 cxd4 24. exd4 Bxd4 {#R} 0-1

[Event "Hampstead U2200 July 2013"]
[Site "Hampstead, UK"]
[Date "2013.07.20"]
[Round "1"]
[White "Lees, Fraser"]
[Black "Karia, Rishul"]
[Result "1-0"]
[WhiteElo "1802"]
[BlackElo "1490"]
[EventRounds "5"]

1. e4 e5 2. f4 Bc5 3. Nf3 d6 4. Nc3 Bg4 5. Bc4 Nc6 6. d3 Nd4 7. Bxf7+ Kxf7 8.
Nxe5+ dxe5 9. Qxg4 Nxc2+ 10. Ke2 Nxa1 11. fxe5 Ke8 12. Qxg7 Qh4 13. Rf1 Qh5+
14. Rf3 Nc2 15. Nb5 Rc8 16. e6 Be7 17. Qxh8 Qg4 18. Kf2 c6 19. Rg3 Bh4 20.
Nd6+ Kd8 21. e7+ Kc7 22. e8=Q Bxg3+ 23. hxg3 Rxe8 24. Nxe8+ Kd8 25. Ng7 Ke7
26. Qxg8 Kd7 27. Qe8+ Kd6 28. Nf5+ Kc5 29. Qe7+ Kb6 30. Be3+ Ka6 31. Qc5 Qd1
32. Qxa7+ Kb5 33. Qb6+ Ka4 34. Qa7+ Kb4 35. Bc5+ Kb5 36. a4# 1-0

[Event "Hampstead U2200 July 2013"]
[Site "Hampstead, UK"]
[Date "2013.07.20"]
[Round "1"]
[White "Samadov, Samir"]
[Black "Gupta, Arul"]
[Result "1-0"]
[WhiteElo "1490"]
[BlackElo "1789"]
[EventRounds "5"]

1. e4 e5 2. Nf3 Nc6 3. Bc4 Bc5 4. d3 Nf6 5. h3 d6 6. c3 a6 7. Bb3 h6 8. Nbd2
Be6 9. Bc2 O-O 10. Nf1 d5 11. Qe2 Re8 12. Ng3 b5 13. b3 d4 14. c4 Bb4+ 15. Bd2
Bc3 16. Bxc3 dxc3 17. O-O b4 18. Rad1 Nd4 19. Nxd4 Qxd4 20. Qe3 c5 21. Ne2
Qxe3 22. fxe3 Bd7 23. Ng3 Rad8 24. d4 exd4 25. exd4 cxd4 26. Rxd4 Bc6 27. Rxd8
Rxd8 28. Rf2 Kf8 29. e5 Nd7 30. e6 Nf6 31. exf7 Kxf7 32. Nh5 Rd2 33. Rxd2 cxd2
34. Nxf6 Kxf6 35. Kf2 Be4 36. Bd1 Ke5 37. g3 Kd4 38. g4 Kc3 39. Ke3 Bg2 40. c5
Bc6 41. Ke2 a5 42. Ke3 Bg2 43. Kf2 Bc6 44. Ke3 Bb5 45. h4 g5 46. hxg5 hxg5 47.
Ke4 Kb2 48. Kf5 Kc1 49. Bf3 d1=Q 50. Bxd1 Kxd1 51. Kxg5 Kc2 52. Kf6 Kb2 53. g5
Kxa2 54. g6 Kxb3 55. g7 Bc4 56. c6 a4 57. c7 a3 58. c8=Q a2 59. Qxc4+ Kxc4 60.
g8=Q+ Kc3 61. Qxa2 b3 62. Qb1 b2 63. Ke5 Kb3 64. Kd4 {#r} 1-0

[Event "Hampstead U2200 July 2013"]
[Site "Hampstead, UK"]
[Date "2013.07.20"]
[Round "1"]
[White "Breindel, Jake"]
[Black "Chauhan, Pranay"]
[Result "1/2-1/2"]
[WhiteElo "1786"]
[BlackElo "1450"]
[EventRounds "5"]

1. e4 e6 2. d4 d5 3. e5 c5 4. c3 Nc6 5. Nf3 Bd7 6. Be2 Qb6 7. O-O Nh6 8. dxc5
Bxc5 9. b4 Bxf2+ 10. Rxf2 Ng4 11. Qf1 O-O 12. h3 Nxf2 13. Qxf2 Qxf2+ 14. Kxf2
f6 15. exf6 gxf6 16. Ba3 Ne5 17. Nbd2 Rac8 18. Bb2 b5 19. Nd4 Nc4 20. Nxc4
bxc4 21. Bg4 f5 22. Bf3 Kh8 23. Re1 Rce8 24. Re5 Kg7 25. Bc1 Kf6 26. Bf4 a5
{#d} 1/2-1/2

[Event "Hampstead U2200 July 2013"]
[Site "Hampstead, UK"]
[Date "2013.07.20"]
[Round "1"]
[White "Reed, Liam"]
[Black "Parry, Jacques"]
[Result "1-0"]
[WhiteElo "1417"]
[BlackElo "1762"]
[EventRounds "5"]

1. e4 c5 2. Nf3 e6 3. d4 cxd4 4. Nxd4 Nf6 5. Nc3 Nc6 6. Be3 Bb4 7. Bd3 Bxc3+
8. bxc3 O-O 9. O-O a6 10. Qd2 Qc7 11. Rab1 Ng4 12. Bf4 e5 13. Bg3 Ne7 14. h3
Nf6 15. Ne2 Ng6 16. f4 Nh5 17. Bh2 Nhxf4 18. Nxf4 Nxf4 19. Bxf4 exf4 20. Rxf4
d5 21. exd5 Qc5+ 22. Kh1 Qxd5 23. Bxh7+ {#r} 1-0

[Event "Hampstead U2200 July 2013"]
[Site "Hampstead, UK"]
[Date "2013.07.20"]
[Round "1"]
[White "Haridas, Girinath"]
[Black "Lewis, Timothy"]
[Result "1-0"]
[WhiteElo "1755"]
[BlackElo "1322"]
[EventRounds "5"]

1. d4 d5 2. c4 c6 3. Nf3 Nf6 4. Nc3 dxc4 5. a4 Bf5 6. Ne5 e6 7. f3 Bb4 8. e4
Bg6 9. Bxc4 Bxc3+ 10. bxc3 Qa5 11. Bd2 O-O 12. O-O c5 13. Rb1 b6 14. Bb5 c4
15. Nxc4 Qxb5 16. axb5 a6 17. Nxb6 Ra7 18. Ra1 Rb7 19. bxa6 Rxb6 20. a7 Ra6
21. axb8=Q Rxa1 22. Qxf8+ Kxf8 23. Qxa1 {#r} 1-0